Statistics for 100 Busiest Container Ports on a World Map

Click here to take the quiz!

General Stats

  • This quiz has been taken 2,958 times
  • The average score is 45 of 100

Answers on the Map

Answers color-coded by a green-red scale on the quiz's map according to % correct below.
 

Answer Stats

PortTEU (million)% Correct
Los Angeles9.3
92%
New York7.5
92%
Barcelona3.3
88%
Seaport Alliance3.8
88%
Vancouver3.4
88%
Ambarli3.1
87%
Tokyo4.5
87%
Balboa2.9
85%
London2.8
85%
Shanghai43.3
85%
Sydney2.6
85%
Dubai14.1
83%
Hamburg9.3
83%
Rotterdam14.8
83%
Hong Kong18.4
82%
Singapore37.2
82%
Melbourne3
81%
Osaka2.5
81%
Tanjung Priok7.6
81%
Jawaharlal Nehru5.1
80%
Saint Petersburg2.2
78%
Montreal1.8
77%
Taipei1.6
77%
Abu Dhabi2.8
76%
Ho Chi Minh City7.2
76%
Houston3
76%
Kingston1.7
76%
Colombo7.3
75%
Manila5.3
75%
Valencia5.4
73%
Jeddah4.4
72%
Karachi2.1
72%
Guangzhou23.2
71%
Gdansk2.1
70%
Busan22
69%
Antwerp11.9
68%
Genoa2.6
68%
Durban2.8
60%
Southampton1.9
59%
Nagoya2.8
57%
Shenzhen25.8
56%
Tianjin17.3
55%
Port of Virginia2.9
54%
Oakland2.5
52%
Savannah4.6
52%
Guayaquil1.7
50%
Charleston2.4
48%
Xiamen11.1
48%
Yokohama3
48%
Chittagong3.1
47%
Tanger Med4.8
45%
Tanjung Perak3.9
44%
Le Havre2.8
42%
Long Beach7.6
42%
Incheon3.1
40%
Nanjing3.3
40%
Port Said3.8
40%
Qingdao21
37%
Cartagena3
36%
Dalian8.8
34%
Kobe2.9
33%
Fuzhou3.5
30%
Bremerhaven4.9
29%
Piraeus5.7
29%
Dammam1.8
28%
Marsaxlokk (Malta Freeport)2.7
27%
Kaohsiung10.4
26%
Haikou2
20%
Ningbo27.5
20%
Tanjung Pelepas9.1
20%
Santos4.2
18%
Colon4.4
17%
Taichung1.8
17%
Dongguan3.7
15%
Algeciras5.1
14%
Hai Phong5.1
14%
Felixstowe3.6
12%
Mersin1.9
12%
Salalah4.1
12%
Callao2.3
11%
Yantai3.1
10%
Zhuhai2.6
9%
Port Klang13.6
8%
San Antonio1.7
8%
Izmit1.7
7%
Quanzhou2.6
7%
Tangshan3
7%
Manzanillo3.1
6%
Cai Mep3.7
5%
Lianyungang4.8
5%
Rizhao4.5
5%
Yingkou5.5
5%
Gioia Tauro2.6
4%
Jinzhou1.9
4%
Laem Chabang8.1
4%
Mundra4.7
4%
Yeosu Gwangyang2.4
4%
Jiaxing1.9
3%
King Abdullah2
3%
Taicang5.2
3%

Score Distribution

Percentile by Number Answered

Percent of People with Each Score

Your Score History

You have not taken this quiz